Normal view
MARC view
Entry Personal Name
001 - CONTROL NUMBER
- control field: 111330
003 - CONTROL NUMBER IDENTIFIER
- control field: OSt
005 - DATE AND TIME OF LATEST TRANSACTION
- control field: 20230523142314.0
008 - FIXED-LENGTH DATA ELEMENTS
- fixed length control field: 230523|| aca||aabn | a|a d
040 ## - CATALOGING SOURCE
- Original cataloging agency: OSt
- Transcribing agency: OSt
100 ## - HEADING--PERSONAL NAME
- Personal name: YUVARAJ (G B);GIRISH (S);KALAKERI (Basavaraja Hallur)
670 ## - SOURCE DATA FOUND
- Source citation: Work cat.: (OSt)167952: YUVARAJ (G B);GIRISH (S);KALAKERI (Basavaraja Hallur), Karnataka examination authority panchayat raj and rural development department PDO and secretary grade I post paper I, 2016